Noir et blanc par image - Statistiques

Statistiques générales
  • Ce quiz a été pris 100 fois
  • Le résultat moyen est 15 sur 20
Statistiques - réponses
Par images Réponse % Correct
Dés
100%
Panda
100%
Vache
96%
Ballon de football
95%
Touches de piano/piano
95%
Zèbre
92%
Dominos
91%
Smoking/Costume
91%
Orque/Épaulard
89%
Passage piéton
88%
Jeu de dames
78%
Drapeau breton
66%
Clap de cinéma
65%
Drapeau corse/Tête de Maure
65%
Maillot Juventus de Turin
63%
Yin Yang
53%
Geneviève de Fontenay
47%
Moufette/Mouffette
45%
Panama
23%
Colonnes de Buren
14%
Aucun quiz correspondant
Distribution des résultats
% des personnes avec chaque résultat
Percentile par nombre de réponses
Votre historique - résultats
Vous n’avez pas pris ce quiz